000 00696nam a22002057a 4500
999 _c188366
_d188366
005 20220519155737.0
010 _aENG-132714
020 _a9789389740806
_c450.00
035 _aEN-116246
037 _bDBAD/PUB
082 _a371.33
100 _aIllam, Jayan Erancheri
245 _aInnovations in Education/
_cJayan Erancheri Illam, Saritha Namboodiri and Bhavya P.V.
260 _aNew Delhi
_bNeelkamal Publications Pvt. Ltd
_c2021
270 _a# 4764/1, 23, Ansari Road, Daryaganj
_bNew Delhi
_e110002
_mneelkamalbooks@gmail.com
300 _axiv, 137p.
_bIndex
_c25cm(hbk)
700 _aNamboodiri, Saritha
700 _aP.V., Bhavya
942 _2ddc
_cEN
_h371.33
_mILL